000 00367nam a2200133Ia 4500
008 151001s9999||||xx |||||||||||||| ||und||
100 _aगो. ना. दातार
245 _aविलासमंदीर
250 _a4
260 _bश्रीराम प्रकाशन पुणे
260 _c1992
300 _a480
365 _b22
999 _c971365
_d971362